Grudziądzkie kluby sportowe - Statystyki

Ogólne statystyki
  • Ten quiz został rozwiązany 18 razy
  • Średni wynik to 3 z 6
Statystyki odpowiedzi
Obrazkowy Odpowiedź % Poprawnych
Olimpia Grudziądz (Piłka nożńa)
100%
KS Stal Grudziądz (Piłka nożna))
82%
KW Wisła Grudziądz (Wioślarstwo)
53%
MKS Start Grudziądz (Boks)
41%
MKS Grudziądz (Piłka ręczna)
29%
UKS Rotmistrz Grudziądz (Szachy)
12%
Nie znaleziono quizów pasujących do podanych kryteriów
Rozkład punktacji
Procent ludzi z każdym wynikiem
Percentyl według liczby udzielonych odpowiedzi
Twoja historia wyników
Nie rozwiązałeś tego quizu